William Faulkner Novels Quiz Stats

 Plays Quiz Updated Mar 4, 2020

     
Support Sporcle.
Go Orange.
Score 0/19 Timer 06:00
1 Play Today
Year Title % Correct
1929The Sound and the Fury
89.6%
1930As I Lay Dying
81.3%
1936Absalom, Absalom!
68.3%
1932Light in August
62.8%
1942Go Down, Moses
38.7%
1962The Reivers
38.2%
1940The Hamlet
36.7%
1931Sanctuary
36.2%
1957The Town
29.5%
1929/1973Sartoris
28.8%
Year Title % Correct
1926Soldiers' Pay
27.6%
1954A Fable
27.4%
1948Intruder in the Dust
26.8%
1959The Mansion
26.8%
1938The Unvanquished
24.8%
1939The Wild Palms [If I Forget Thee, Jerusalem]
24.2%
1927Mosquitoes
24%
1951Requiem for a Nun
23.4%
1935Pylon
22.4%

From the Vault

Obscure Knowledge - Dumbledore's Army

by PenguinsMeercats

If a country could just hire wizards to make up an army, their defense budget would probably go way down.
Remove Ads.
Support Sporcle.
Get the best of Sporcle when you Go Orange. This ad-free experience offers more features, more stats, and more fun while also helping to support Sporcle. Thank you for becoming a member.

Show Comments

Extras

Top Quizzes Today


Score Distribution

Your Account Isn't Verified!

In order to create a playlist on Sporcle, you need to verify the email address you used during registration. Go to your Sporcle Settings to finish the process.

Report this User

Report this user for behavior that violates our Community Guidelines.

Details: